[Event "Superbet CRO Blitz 2024"]
[Site "Zagreb CRO"]
[Date "2024.07.13"]
[Round "1.1"]
[White "Caruana, Fabiano"]
[Black "Nepomniachtchi, Ian"]
[Result "0-1"]
[WhiteTitle "GM"]
[BlackTitle "GM"]
[WhiteElo "2796"]
[BlackElo "2770"]
[WhiteFideId "2020009"]
[BlackFideId "4168119"]
[EventDate "2024.07.13"]

1. d4 Nf6 2. c4 g6 3. Nf3 Bg7 4. g3 O-O 5. Bg2 d5 6. cxd5 Nxd5 7. O-O Nc6 8. Re1
Nb6 9. e3 e5 10. dxe5 Qxd1 11. Rxd1 Nxe5 12. Nxe5 Bxe5 13. Nc3 c6 14. e4 Be6 15.
f4 Bxc3 16. bxc3 Na4 17. Bd2 Rfd8 18. Be1 Rxd1 19. Rxd1 Bxa2 20. Ra1 Bb3 21. Rb1
Bc2 22. Rxb7 Nc5 23. Rb2 Bxe4 24. Bxe4 Nxe4 25. c4 a5 26. Ra2 a4 27. Kg2 c5 28.
Kf3 f5 29. Ra3 Kf7 30. g4 Nd6 31. Ra2 fxg4+ 32. Kxg4 Nxc4 33. Bf2 Ra5 34. Be1
Ra6 35. Bf2 h5+ 36. Kf3 Ke6 37. Bxc5 Kd5 38. Bb4 Kd4 39. f5 Ne5+ 40. Kg3 gxf5
41. Ba3 Nd3 42. Kh4 f4 43. Bf8 f3 44. Bg7+ Ke3 0-1

[Event "Superbet CRO Blitz 2024"]
[Site "Zagreb CRO"]
[Date "2024.07.13"]
[Round "1.2"]
[White "Gukesh, D"]
[Black "Aronian, Levon"]
[Result "0-1"]
[WhiteTitle "GM"]
[BlackTitle "GM"]
[WhiteElo "2763"]
[BlackElo "2729"]
[WhiteFideId "46616543"]
[BlackFideId "13300474"]
[EventDate "2024.07.13"]

1. d4 Nf6 2. Bg5 d5 3. e3 c5 4. Bxf6 gxf6 5. Bb5+ Bd7 6. Bxd7+ Nxd7 7. Ne2 e6 8.
Nd2 cxd4 9. exd4 Rc8 10. O-O f5 11. a4 Nf6 12. Nf3 Bd6 13. Nc1 O-O 14. Nd3 Kh8
15. Nfe5 Rc7 16. f3 Rg8 17. Kh1 Nh5 18. g4 Ng7 19. Qd2 Qh4 20. g5 Qxd4 21. c3
Qh4 22. Rg1 Nh5 23. f4 Nxf4 24. Nf3 Qh5 25. Nde5 Ng6 26. Qd4 Rg7 27. Rg2 Nxe5
28. Nxe5 Bc5 29. Qf4 Rc8 30. Nd7 Be7 31. Rag1 Rcg8 32. Qd4 h6 33. gxh6 Qxh6 34.
Ne5 Kh7 35. Nxf7 Rxg2 36. Rxg2 Qc1+ 0-1

[Event "Superbet CRO Blitz 2024"]
[Site "Zagreb CRO"]
[Date "2024.07.13"]
[Round "1.3"]
[White "Vidit, Santosh Gujrathi"]
[Black "Giri, Anish"]
[Result "1/2-1/2"]
[WhiteTitle "GM"]
[BlackTitle "GM"]
[WhiteElo "2720"]
[BlackElo "2745"]
[WhiteFideId "5029465"]
[BlackFideId "24116068"]
[EventDate "2024.07.13"]

1. e4 c5 2. Nf3 d6 3. Bb5+ Nd7 4. d4 cxd4 5. Nxd4 Nf6 6. Bd3 Nc5 7. Nc3 a6 8.
Nb3 Nxd3+ 9. Qxd3 e6 10. Bg5 h6 11. Bh4 g5 12. Bg3 e5 13. O-O-O Be6 14. h4 g4
15. h5 Be7 16. Bh4 Nh7 17. Bxe7 Kxe7 18. Qe3 Nf6 19. f4 gxf3 20. gxf3 Rc8 21. f4
Ng4 22. Qg3 Rg8 23. fxe5 Nxe5 24. Qf4 Rg5 25. Rhf1 Rxh5 26. Nd5+ Bxd5 27. Rxd5
Qg8 28. Qf6+ Ke8 29. Qxd6 Qg5+ 30. Kb1 Qe7 31. Qb6 Nc4 32. Qd4 Rxd5 33. exd5 Qe5
34. Qxe5+ Nxe5 35. Nd2 Ke7 36. b3 b5 37. Rh1 Rd8 38. c4 bxc4 39. bxc4 Rc8 40.
Rh4 h5 41. Kc2 Rh8 42. Kc3 Ng6 43. Rh2 h4 44. Kd4 h3 45. Ne4 Rh4 46. c5 f5 47.
c6 Rxe4+ 48. Kc5 Re3 49. d6+ Ke6 50. d7 Rc3+ 51. Kb4 Rd3 52. Re2+ Ne5 53. Rxe5+
Kxe5 54. c7 Rxd7 55. c8=Q Rd4+ 56. Kc3 Rh4 57. Qc5+ Kf4 58. Qd4+ Kg5 59. Qd8+
Kg4 60. Qg8+ Kf3 61. Qg5 Rf4 62. Qh5+ Kg3 63. Qg5+ Kf3 64. Qh5+ Kg3 65. Qg5+ Kf3
66. Qh5+ Kg3 67. Qg5+ 1/2-1/2

[Event "Superbet CRO Blitz 2024"]
[Site "Zagreb CRO"]
[Date "2024.07.13"]
[Round "1.4"]
[White "Saric, Ivan"]
[Black "Vachier-Lagrave, Maxime"]
[Result "0-1"]
[WhiteTitle "GM"]
[BlackTitle "GM"]
[WhiteElo "2690"]
[BlackElo "2718"]
[WhiteFideId "14508150"]
[BlackFideId "623539"]
[EventDate "2024.07.13"]

1. Nf3 d5 2. g3 c5 3. Bg2 Nf6 4. O-O e6 5. c4 d4 6. d3 Be7 7. e3 Nc6 8. exd4
cxd4 9. Re1 Nd7 10. Bf4 O-O 11. Be5 Bf6 12. Bxf6 Qxf6 13. Nbd2 Nc5 14. Ne4 Nxe4
15. Rxe4 e5 16. Re1 Bf5 17. a3 a5 18. Nh4 Bd7 19. Qd2 a4 20. h3 Rfe8 21. Re2 g5
22. Nf3 g4 23. Qg5+ Qg6 24. hxg4 Bxg4 25. Qxg6+ hxg6 26. Rae1 Kg7 27. Rd2 f6 28.
Nh2 Bd7 29. Rde2 Rab8 30. f4 b5 31. c5 b4 32. Bxc6 Bxc6 33. fxe5 f5 34. e6 bxa3
35. bxa3 Rb3 36. g4 Rxd3 37. gxf5 gxf5 38. Nf1 Kf6 39. e7 Rg8+ 40. Kh2 Rh8+ 41.
Kg1 Rh1+ 42. Kf2 Rf3+ 43. Kg2 Rfxf1+ 0-1

[Event "Superbet CRO Blitz 2024"]
[Site "Zagreb CRO"]
[Date "2024.07.13"]
[Round "1.5"]
[White "So, Wesley"]
[Black "Firouzja, Alireza"]
[Result "1-0"]
[WhiteTitle "GM"]
[BlackTitle "GM"]
[WhiteElo "2757"]
[BlackElo "2744"]
[WhiteFideId "5202213"]
[BlackFideId "12573981"]
[EventDate "2024.07.13"]

1. d4 Nf6 2. c4 e6 3. Nc3 Bb4 4. Qc2 b6 5. e4 c5 6. d5 Qe7 7. Be2 exd5 8. exd5
Qe4 9. Qd2 Bxc3 10. Qxc3 O-O 11. Nf3 d6 12. Bg5 Nbd7 13. O-O Nxd5 14. cxd5 Qxe2
15. Rfe1 Qb5 16. Be7 Re8 17. Ng5 Qb4 18. Qf3 Nf6 19. a3 Qd2 20. Re2 Qxd5 21.
Bxf6 Bb7 22. Qxd5 Bxd5 23. Rxe8+ Rxe8 24. Bc3 f6 25. Nh3 Bb3 26. Re1 Rd8 27. Re3
Bf7 28. Re7 d5 29. Rxa7 d4 30. Bd2 Re8 31. f3 h6 32. Kf2 Bc4 33. Ng1 Re6 34. h4
h5 35. a4 Bd3 36. Rc7 c4 37. Rd7 Re8 38. Rxd4 Ra8 39. b3 Bc2 40. Rxc4 Bxb3 41.
Rb4 Bxa4 42. Rxb6 Bd7 43. Rb2 Be6 44. Ne2 Bf7 45. Nf4 Rc8 46. Be3 1-0

[Event "Superbet CRO Blitz 2024"]
[Site "Zagreb CRO"]
[Date "2024.07.13"]
[Round "2.1"]
[White "Aronian, Levon"]
[Black "Vidit, Santosh Gujrathi"]
[Result "1/2-1/2"]
[WhiteTitle "GM"]
[BlackTitle "GM"]
[WhiteElo "2729"]
[BlackElo "2720"]
[WhiteFideId "13300474"]
[BlackFideId "5029465"]
[EventDate "2024.07.13"]

1. e4 e5 2. Bc4 Nf6 3. d3 Nc6 4. Nf3 Bc5 5. a4 d6 6. a5 a6 7. c3 h6 8. O-O O-O
9. h3 Ba7 10. Be3 d5 11. exd5 Nxd5 12. Bxa7 Rxa7 13. Nbd2 Nf4 14. Ne4 b5 15. Ba2
Nxd3 16. Qe2 Nf4 17. Qe3 Ra8 18. Rad1 Qe7 19. Qc5 Qxc5 20. Nxc5 Re8 21. Rfe1 b4
22. g3 Nxh3+ 23. Kg2 Rb8 24. Bd5 Ne7 25. Rxe5 bxc3 26. bxc3 Kf8 27. Rde1 Rb2 28.
Nd3 Rb5 29. Bc4 Rxe5 30. Ndxe5 f6 31. Nd3 Ng5 32. Nxg5 hxg5 33. Nb4 Bb7+ 34. Kf1
Ra8 35. Re6 Bc8 36. Re1 c5 37. Nd3 Nc6 38. Bd5 Bh3+ 39. Kg1 Rd8 40. c4 Ne7 41.
Nxc5 Nxd5 42. cxd5 Rxd5 43. Nxa6 Rxa5 44. Nb4 Kf7 45. Nc2 Bf5 46. Nd4 Bd7 47.
Nc2 g4 48. Ne3 Ra4 49. Rc1 Bb5 50. Kg2 Be2 51. Kg1 Bf3 52. Kf1 Ra8 53. Ke1 Ra2
54. Rc2 Ra1+ 55. Kd2 g5 56. Rc1 Ra7 57. Rc5 Rd7+ 58. Kc1 Kg6 59. Rb5 Rd4 60. Rb6
Rd7 61. Rb2 Rc7+ 62. Rc2 Rh7 63. Kd2 Rh2 64. Kd3 Rh1 65. Kd4 Ra1 66. Rb2 Ra4+
67. Kc3 Ra6 68. Kd4 Rd6+ 69. Kc5 Rd3 70. Kc4 Rd7 71. Kc5 Rd8 72. Kc4 Rc8+ 73.
Kd4 Rc6 74. Nc4 Re6 75. Ne3 f5 76. Nc4 Kf6 77. Rb6 Rxb6 78. Nxb6 f4 79. Nc4 Kf5
80. Nd6+ Ke6 81. Nc4 Be2 82. Nd2 Kf5 83. Ne4 Bf3 84. Nd6+ Ke6 85. Nc4 Bb7 86.
Nd2 Ba8 87. Nc4 Bc6 88. Nd2 Bb7 89. Nc4 Bc6 90. Nd2 1/2-1/2

[Event "Superbet CRO Blitz 2024"]
[Site "Zagreb CRO"]
[Date "2024.07.13"]
[Round "2.2"]
[White "Giri, Anish"]
[Black "Saric, Ivan"]
[Result "1/2-1/2"]
[WhiteTitle "GM"]
[BlackTitle "GM"]
[WhiteElo "2745"]
[BlackElo "2690"]
[WhiteFideId "24116068"]
[BlackFideId "14508150"]
[EventDate "2024.07.13"]

1. c4 c5 2. Nf3 Nc6 3. Nc3 Nf6 4. g3 g6 5. Bg2 Bg7 6. d4 cxd4 7. Nxd4 O-O 8. O-O
d6 9. Nxc6 bxc6 10. Bxc6 Rb8 11. Bg2 Qa5 12. Nb5 Bd7 13. Bd2 Qd8 14. Nxa7 Rxb2
15. Bc3 Rb8 16. Qd3 Qb6 17. Nb5 d5 18. a4 dxc4 19. Qxc4 Rfc8 20. Qd3 Bxb5 21.
axb5 Qxb5 22. Qxb5 Rxb5 23. Bxf6 Bxf6 24. Ra8 Rxa8 25. Bxa8 Ra5 26. Bf3 Ra1 27.
Rxa1 Bxa1 28. Kf1 Kf8 29. Kg1 Kg8 30. Kf1 Kf8 31. Kg1 Kg8 1/2-1/2

[Event "Superbet CRO Blitz 2024"]
[Site "Zagreb CRO"]
[Date "2024.07.13"]
[Round "2.3"]
[White "Nepomniachtchi, Ian"]
[Black "Firouzja, Alireza"]
[Result "0-1"]
[WhiteTitle "GM"]
[BlackTitle "GM"]
[WhiteElo "2770"]
[BlackElo "2744"]
[WhiteFideId "4168119"]
[BlackFideId "12573981"]
[EventDate "2024.07.13"]

1. e4 c6 2. d4 d5 3. e5 Bf5 4. h4 h5 5. Bd3 Bxd3 6. Qxd3 Qa5+ 7. b4 Qxb4+ 8. Nd2
e6 9. Rb1 Qe7 10. c4 Qd7 11. Ne2 Na6 12. O-O Be7 13. cxd5 cxd5 14. Nf3 Nh6 15.
Ng3 Ng4 16. Bg5 Nb4 17. Qb3 f6 18. Bd2 Nc6 19. exf6 gxf6 20. Qxb7 Qxb7 21. Rxb7
Nd8 22. Rb3 Bd6 23. Ne2 Rc8 24. Rc1 Rxc1+ 25. Bxc1 Rh7 26. Ba3 Bc7 27. g3 Nc6
28. Bc5 Kd8 29. Ne1 Nh6 30. Nd3 Nf5 31. Ra3 a5 32. Kf1 Kd7 33. Rb3 e5 34. dxe5
fxe5 35. Rb5 Ke6 36. a4 Rf7 37. Ke1 Nd6 38. Bxd6 Bxd6 39. Rb6 Nb4 40. Nc5+ Ke7
41. Rb7+ Ke8 42. Rxf7 Kxf7 43. Nb3 Nd3+ 44. Kf1 Bb4 45. Nec1 Nb2 46. f3 Nxa4 47.
Nd3 Kf6 48. g4 hxg4 49. fxg4 Nc3 50. Nxb4 axb4 51. Kf2 d4 52. Kg3 d3 53. Kf2 e4
54. Ke3 Ke5 55. h5 Nd5+ 56. Kd2 Nb6 57. h6 Nc4+ 58. Ke1 Kf6 59. Nc5 d2+ 60. Ke2
e3 61. g5+ Kg6 62. Nd3 b3 63. Nf4+ Kh7 64. Nd3 b2 0-1

[Event "Superbet CRO Blitz 2024"]
[Site "Zagreb CRO"]
[Date "2024.07.13"]
[Round "2.4"]
[White "Caruana, Fabiano"]
[Black "Gukesh, D"]
[Result "1-0"]
[WhiteTitle "GM"]
[BlackTitle "GM"]
[WhiteElo "2796"]
[BlackElo "2763"]
[WhiteFideId "2020009"]
[BlackFideId "46616543"]
[EventDate "2024.07.13"]

1. c4 e6 2. Nc3 d5 3. d4 c5 4. e3 Nf6 5. Nf3 dxc4 6. Bxc4 a6 7. a4 Nc6 8. O-O
Be7 9. Qe2 cxd4 10. exd4 O-O 11. Rd1 Nb4 12. Ne5 b6 13. Bg5 Bb7 14. Rac1 Nbd5
15. Bd3 g6 16. Re1 Nh5 17. Bxe7 Nxe7 18. Qe3 Nf6 19. Qg5 Kg7 20. Rcd1 Rc8 21. h4
h6 22. Qg3 Qd6 23. Qh3 Qb4 24. Re2 Rcd8 25. Bc4 Nf5 26. Red2 h5 27. b3 Qa5 28.
Rd3 Qb4 29. R3d2 Qe7 30. g3 Rd6 31. Qf1 Rfd8 32. Bxa6 Nxd4 33. Bxb7 Qxb7 34. Rd3
Ng4 35. f4 Nf5 36. Rxd6 Rxd6 37. Rxd6 Nxd6 38. Nxg4 hxg4 39. Qd3 Nf5 40. Ne4 Qc6
41. Kf2 Qb7 42. Qc3+ Kf8 43. Qb4+ Kg7 44. a5 Qc6 45. axb6 Qc2+ 46. Nd2 Qd3 47.
b7 Qxg3+ 48. Ke2 Qg2+ 49. Kd3 Qd5+ 50. Kc3 Qc6+ 51. Kb2 g3 52. b8=Q g2 53. Qe5+
f6 54. Qe1 Qd7 55. Nf3 Qd3 56. Qb7+ Kh6 57. Qa8 Kh5 58. Ng1 Qd4+ 59. Ka2 Ne3 60.
Qf3+ Ng4 61. Qxg2 Qa7+ 62. Kb1 f5 63. Ne2 Qe3 64. Ng3+ 1-0

[Event "Superbet CRO Blitz 2024"]
[Site "Zagreb CRO"]
[Date "2024.07.13"]
[Round "2.5"]
[White "Vachier-Lagrave, Maxime"]
[Black "So, Wesley"]
[Result "1/2-1/2"]
[WhiteTitle "GM"]
[BlackTitle "GM"]
[WhiteElo "2718"]
[BlackElo "2757"]
[WhiteFideId "623539"]
[BlackFideId "5202213"]
[EventDate "2024.07.13"]

1. e4 e5 2. Nf3 Nc6 3. Bb5 Nf6 4. O-O Nxe4 5. d4 Nd6 6. Bxc6 dxc6 7. dxe5 Nf5 8.
Qxd8+ Kxd8 9. Nc3 Ke8 10. Bf4 Be6 11. Ne4 Rd8 12. c3 Be7 13. h3 h5 14. Rfe1 c5
15. Nfg5 Rh6 16. g3 Rg6 17. Nxe6 Rxe6 18. Kh2 c4 19. Re2 Rd3 20. Rae1 b5 21. a3
Kd7 22. Bg5 Kc6 23. Bxe7 Rxe7 24. Ng5 g6 25. Kg2 Ng7 26. e6 f6 27. Nf3 Rd6 28.
a4 a6 29. axb5+ axb5 30. g4 hxg4 31. hxg4 Kb6 32. Nh4 g5 33. Ng6 Rexe6 34. Nf8
Rxe2 35. Rxe2 Rd8 36. Nh7 Rd6 37. Nf8 Rd8 38. Nh7 Rd6 39. Nf8 1/2-1/2

[Event "Superbet CRO Blitz 2024"]
[Site "Zagreb CRO"]
[Date "2024.07.13"]
[Round "3.1"]
[White "So, Wesley"]
[Black "Giri, Anish"]
[Result "0-1"]
[WhiteTitle "GM"]
[BlackTitle "GM"]
[WhiteElo "2757"]
[BlackElo "2745"]
[WhiteFideId "5202213"]
[BlackFideId "24116068"]
[EventDate "2024.07.13"]

1. d4 d5 2. c4 c6 3. Nf3 Nf6 4. Qb3 dxc4 5. Qxc4 Bf5 6. g3 e6 7. Bg2 Be7 8. O-O
O-O 9. Nc3 Nbd7 10. Re1 Ne4 11. Qb3 Qb6 12. Nh4 Bxh4 13. gxh4 Ndf6 14. f3 Nxc3
15. bxc3 Qc7 16. e4 Bg6 17. f4 h6 18. c4 Rad8 19. e5 Nh5 20. Qe3 f6 21. Ba3 Rf7
22. d5 fxe5 23. dxe6 Rxf4 24. e7 Re8 25. Rad1 Rxh4 26. Bd6 Qc8 27. Qxe5 Nf4 28.
Qxf4 Rxf4 29. Bxf4 Qg4 30. Bd6 Qxc4 31. Bh3 Kh7 32. Bd7 Qxa2 33. Bg3 Qc4 34.
Bxe8 Bxe8 35. Rd8 Qc5+ 36. Bf2 Qg5+ 37. Bg3 Qc5+ 38. Bf2 Qh5 39. Bg3 c5 40. Re5
Qg6 41. Rxc5 Qb1+ 42. Kf2 Qb6 43. Rd5 Qf6+ 44. Kg1 Qxe7 45. Rc7 Qe4 46. Rdd7 0-1

[Event "Superbet CRO Blitz 2024"]
[Site "Zagreb CRO"]
[Date "2024.07.13"]
[Round "3.2"]
[White "Firouzja, Alireza"]
[Black "Vachier-Lagrave, Maxime"]
[Result "1/2-1/2"]
[WhiteTitle "GM"]
[BlackTitle "GM"]
[WhiteElo "2744"]
[BlackElo "2718"]
[WhiteFideId "12573981"]
[BlackFideId "623539"]
[EventDate "2024.07.13"]

1. e4 c5 2. Nf3 d6 3. d4 cxd4 4. Nxd4 Nf6 5. Nc3 a6 6. h3 e5 7. Nb3 Be7 8. Be3
Be6 9. Qf3 Nbd7 10. g4 h6 11. O-O-O Rc8 12. Nd5 Nf8 13. Kb1 Ng6 14. Bd3 Nd7 15.
Nxe7 Qxe7 16. Qg3 Qh4 17. Be2 Qxg3 18. fxg3 Ke7 19. Bd2 Nf6 20. Bf3 Rhd8 21. g5
hxg5 22. Bxg5 Nf8 23. Rh2 Nh7 24. Be3 d5 25. exd5 Bxd5 26. Be2 Nf8 27. Bd3 Ne6
28. Re1 e4 29. Bf1 Nd7 30. Rf2 Ne5 31. Nd2 Nf3 32. Nxf3 exf3 33. Bd3 f6 34. h4
Kf8 35. Bf5 Re8 36. b3 Rcd8 37. Bg6 Re7 38. Rd1 Be4 39. Rxd8+ Nxd8 40. Bxe4 Rxe4
41. Rxf3 Nc6 42. Bf4 Ke7 43. h5 Re1+ 44. Kb2 Rh1 45. Re3+ Kf7 46. Rd3 Ke6 47. g4
Rh4 48. Re3+ Kf7 49. Rd3 Rxg4 50. Bd2 Ke6 51. Re3+ Kf5 52. Re8 Rg2 53. h6 gxh6
54. Bxh6 Nd4 55. Rc8 b5 56. Be3 Nf3 57. Rc6 b4 58. a3 bxa3+ 59. Kxa3 Ne5 60.
Rxa6 Rxc2 61. Bd4 Ke4 62. Rxf6 Kxd4 63. Rd6+ Kc5 64. Rh6 Re2 65. Rh5 Kd4 66.
Rh4+ Kc3 67. Rh8 Nc6 68. Rc8 Re6 69. Ka4 Kd3 70. b4 Na7 71. Rc5 Kd4 72. Ka5 Nc6+
73. Kb5 Ne5 74. Ka4 Re8 75. Kb3 Rh8 76. Rc7 Rh3+ 77. Ka4 Nc4 78. Kb5 Rh5+ 79.
Rc5 Rxc5+ 80. bxc5 Ne5 81. c6 Nxc6 1/2-1/2

[Event "Superbet CRO Blitz 2024"]
[Site "Zagreb CRO"]
[Date "2024.07.13"]
[Round "3.3"]
[White "Saric, Ivan"]
[Black "Aronian, Levon"]
[Result "1-0"]
[WhiteTitle "GM"]
[BlackTitle "GM"]
[WhiteElo "2690"]
[BlackElo "2729"]
[WhiteFideId "14508150"]
[BlackFideId "13300474"]
[EventDate "2024.07.13"]

1. e4 e6 2. d4 d5 3. Nc3 Bb4 4. e5 c5 5. a3 Ba5 6. b4 cxd4 7. Qg4 Ne7 8. bxa5
dxc3 9. Qxg7 Rg8 10. Qxh7 Nbc6 11. Nf3 Qc7 12. Bf4 Bd7 13. a6 O-O-O 14. Qd3 d4
15. axb7+ Kb8 16. Bg3 Nf5 17. Be2 Nce7 18. a4 Bc6 19. O-O Rg4 20. Qd1 Rdg8 21.
Bd3 Nd5 22. Bxf5 exf5 23. e6 f4 24. exf7 Qxf7 25. Ne5 Qe6 26. Nxg4 Qxg4 27. Qxd4
fxg3 28. Qe5+ Nc7 29. fxg3 Qe4 30. Qxe4 Bxe4 31. Rfe1 Bg6 32. Re5 Rd8 33. Rc5
Rd2 34. Rxc3 Be4 35. Re1 Nd5 36. Rb3 Rd4 37. h4 Nf6 38. a5 a6 39. Rf1 Rd6 40. g4
Bxb7 41. g5 Ng4 42. Rfb1 Rd7 43. g6 Kc8 44. Rxb7 1-0

[Event "Superbet CRO Blitz 2024"]
[Site "Zagreb CRO"]
[Date "2024.07.13"]
[Round "3.4"]
[White "Vidit, Santosh Gujrathi"]
[Black "Caruana, Fabiano"]
[Result "0-1"]
[WhiteTitle "GM"]
[BlackTitle "GM"]
[WhiteElo "2720"]
[BlackElo "2796"]
[WhiteFideId "5029465"]
[BlackFideId "2020009"]
[EventDate "2024.07.13"]

1. d4 Nf6 2. c4 e6 3. Nf3 d5 4. Nc3 Bb4 5. Bg5 h6 6. Bxf6 Qxf6 7. Qa4+ Nc6 8. e3
O-O 9. Be2 dxc4 10. O-O Qe7 11. Bxc4 Na5 12. Be2 Bxc3 13. bxc3 b6 14. Qb4 Qd6
15. Rfd1 Bb7 16. Rac1 Rac8 17. Ne5 c5 18. Qb2 Rc7 19. Nd3 cxd4 20. cxd4 Rfc8 21.
h3 Nc4 22. Qb4 Qd8 23. Qe1 Qg5 24. Nf4 b5 25. Kh2 a5 26. a3 e5 27. dxe5 Qxe5 28.
Qc3 Qe7 29. a4 Nxe3 30. Qxe3 Qxe3 31. fxe3 Rxc1 32. Rxc1 Rxc1 33. Bxb5 Bc6 34.
Bxc6 Rxc6 35. Nd5 Rc4 0-1

[Event "Superbet CRO Blitz 2024"]
[Site "Zagreb CRO"]
[Date "2024.07.13"]
[Round "3.5"]
[White "Gukesh, D"]
[Black "Nepomniachtchi, Ian"]
[Result "0-1"]
[WhiteTitle "GM"]
[BlackTitle "GM"]
[WhiteElo "2763"]
[BlackElo "2770"]
[WhiteFideId "46616543"]
[BlackFideId "4168119"]
[EventDate "2024.07.13"]

1. e4 c5 2. Nf3 d6 3. Bc4 Nf6 4. d3 e6 5. O-O Be7 6. Nbd2 Nc6 7. c3 O-O 8. Re1
b6 9. Bb3 Bb7 10. Nf1 b5 11. Bc2 e5 12. d4 exd4 13. cxd4 d5 14. e5 Ne4 15. Ne3
Nxd4 16. Nxd4 cxd4 17. Nf5 Bc5 18. Bxe4 dxe4 19. Qg4 g6 20. Bg5 gxf5 21. Qh4 f6
22. Bxf6 Qe8 23. Rac1 Bb6 24. e6 Qg6 0-1

[Event "Superbet CRO Blitz 2024"]
[Site "Zagreb CRO"]
[Date "2024.07.13"]
[Round "4.1"]
[White "Nepomniachtchi, Ian"]
[Black "Vachier-Lagrave, Maxime"]
[Result "1-0"]
[WhiteTitle "GM"]
[BlackTitle "GM"]
[WhiteElo "2770"]
[BlackElo "2718"]
[WhiteFideId "4168119"]
[BlackFideId "623539"]
[EventDate "2024.07.13"]

1. e4 c5 2. Nf3 d6 3. c3 Nf6 4. Be2 g6 5. O-O Bg7 6. Bb5+ Nc6 7. d4 O-O 8. d5 a6
9. Be2 Na5 10. b4 cxb4 11. cxb4 Nxe4 12. Nd4 Qb6 13. Nc2 Bxa1 14. Be3 Qc7 15.
Nxa1 Nc4 16. Qc2 Bf5 17. Qxc4 Qxc4 18. Bxc4 Rfc8 19. Bb3 a5 20. g4 Bxg4 21. f3
Bh3 22. fxe4 Bxf1 23. Kxf1 axb4 24. Ke2 Rxa2+ 25. Bxa2 Ra8 26. Bb3 Rxa1 27. Nd2
f6 28. Bd4 Rc1 29. Bb2 Rc8 30. Nf3 Kf7 31. Nd4 h5 32. Nc2 g5 33. Nxb4 h4 34. Kf3
Kg6 35. Nd3 Ra8 36. h3 Ra5 37. Bd1 Ra2 38. Ke3 Ra8 39. Bg4 Ra4 40. Bf5+ Kf7 41.
Kd2 Rc4 42. Nf2 Rc5 43. Ng4 Rc4 44. Ne3 Rc5 45. Kd3 Ke8 46. Bc3 Rb5 47. Kc2 Rb6
48. Nc4 Ra6 49. Na5 Rb6 50. Bg4 Rb5 51. Nb3 1-0

[Event "Superbet CRO Blitz 2024"]
[Site "Zagreb CRO"]
[Date "2024.07.13"]
[Round "4.2"]
[White "Gukesh, D"]
[Black "Vidit, Santosh Gujrathi"]
[Result "0-1"]
[WhiteTitle "GM"]
[BlackTitle "GM"]
[WhiteElo "2763"]
[BlackElo "2720"]
[WhiteFideId "46616543"]
[BlackFideId "5029465"]
[EventDate "2024.07.13"]

1. e4 e5 2. Nf3 Nc6 3. Nc3 Nf6 4. h3 Bb4 5. Bd3 O-O 6. O-O d6 7. Ne2 Re8 8. c4
Bc5 9. b3 a6 10. Bb2 Bd7 11. a3 a5 12. Bc2 Rb8 13. Re1 b5 14. cxb5 Rxb5 15. d4
Ba7 16. Bd3 Rb8 17. Qc2 Nh5 18. Rac1 Bb6 19. Bc4 Qf6 20. dxe5 Nxe5 21. Bxe5 dxe5
22. Qc3 Be6 23. Bxe6 Rxe6 24. Rcd1 Rbe8 25. Rd5 h6 26. Red1 Qe7 27. Rb5 Qxa3 0-1

[Event "Superbet CRO Blitz 2024"]
[Site "Zagreb CRO"]
[Date "2024.07.13"]
[Round "4.3"]
[White "Giri, Anish"]
[Black "Firouzja, Alireza"]
[Result "0-1"]
[WhiteTitle "GM"]
[BlackTitle "GM"]
[WhiteElo "2745"]
[BlackElo "2744"]
[WhiteFideId "24116068"]
[BlackFideId "12573981"]
[EventDate "2024.07.13"]

1. Nf3 c5 2. c4 Nc6 3. Nc3 Nf6 4. g3 d6 5. Bg2 g6 6. O-O Bg7 7. d4 O-O 8. dxc5
dxc5 9. Bf4 Qb6 10. Na4 Qb4 11. Qb3 Ne4 12. Rfd1 Be6 13. Ne1 f5 14. Qxb4 cxb4
15. Rac1 Rac8 16. f3 Nd6 17. b3 Nd4 18. Kf1 b5 19. cxb5 N6xb5 20. Rc5 Nc3 21.
Rxc8 Rxc8 22. Nxc3 bxc3 23. Rc1 Bd7 24. Kf2 Bb5 25. Bf1 e5 26. Be3 Bf8 27. Nc2
Bc5 28. f4 Ne6 29. Bxc5 Nxc5 30. fxe5 Rd8 31. Ne3 Rd2 32. Ke1 Rxa2 33. Rxc3 Ra1+
34. Nd1 Ne4 35. Rc7 a5 36. Bg2 a4 37. Bxe4 fxe4 38. bxa4 Bxa4 39. Rc8+ Kf7 40.
Rd8 e3 41. Rd6 Ke7 42. g4 g5 43. h3 h6 44. Rd4 Bb3 45. Rd3 Bc2 46. Rd6 Rb1 47.
Rd4 Ke6 48. Rd8 Kxe5 49. Re8+ Kf4 0-1

[Event "Superbet CRO Blitz 2024"]
[Site "Zagreb CRO"]
[Date "2024.07.13"]
[Round "4.4"]
[White "Aronian, Levon"]
[Black "So, Wesley"]
[Result "1/2-1/2"]
[WhiteTitle "GM"]
[BlackTitle "GM"]
[WhiteElo "2729"]
[BlackElo "2757"]
[WhiteFideId "13300474"]
[BlackFideId "5202213"]
[EventDate "2024.07.13"]

1. e4 e5 2. Nf3 Nc6 3. Bb5 Nf6 4. d3 Bc5 5. O-O Nd4 6. Nxd4 Bxd4 7. Bc4 d6 8.
Nd2 c6 9. c3 Bb6 10. Bb3 a5 11. Nf3 O-O 12. h3 h6 13. Re1 Re8 14. Bc2 d5 15.
exd5 Qxd5 16. Be3 Bc7 17. d4 e4 18. Ne5 Bxe5 19. dxe5 Qxe5 20. Bd4 Qf4 21. Qc1
Qxc1 22. Raxc1 Bf5 23. f3 Rad8 24. Rcd1 Bg6 25. Bxf6 Rxd1 26. Rxd1 gxf6 27. fxe4
Bxe4 28. Bxe4 Rxe4 29. Kf2 a4 30. b3 Kg7 31. Kf3 f5 32. Rd7 b5 33. Rc7 Re6 34.
c4 axb3 35. axb3 bxc4 36. bxc4 Kf6 37. c5 Kg6 38. h4 Kf6 39. g3 Kg6 40. Rc8 Kf6
41. Rc7 Kg6 42. Rc8 Kf6 43. Rc7 1/2-1/2

[Event "Superbet CRO Blitz 2024"]
[Site "Zagreb CRO"]
[Date "2024.07.13"]
[Round "4.5"]
[White "Caruana, Fabiano"]
[Black "Saric, Ivan"]
[Result "1-0"]
[WhiteTitle "GM"]
[BlackTitle "GM"]
[WhiteElo "2796"]
[BlackElo "2690"]
[WhiteFideId "2020009"]
[BlackFideId "14508150"]
[EventDate "2024.07.13"]

1. d4 Nf6 2. c4 g6 3. Nc3 Bg7 4. e4 d6 5. Nf3 O-O 6. Be2 e5 7. d5 Nbd7 8. Bg5 h6
9. Bh4 g5 10. Bg3 Nh5 11. Nd2 Nf4 12. O-O Nf6 13. Re1 a5 14. Nf1 Nxe2+ 15. Qxe2
h5 16. f3 h4 17. Bf2 Nh5 18. h3 Nf4 19. Qd2 f5 20. exf5 Bxf5 21. Ne3 Bg6 22. Ng4
b6 23. Ne4 a4 24. Rac1 Bf5 25. Rc3 Qe7 26. Be3 Bxe4 27. fxe4 Qd7 28. Bf2 Rf7 29.
Ra3 Rff8 30. Ra1 Rfb8 31. Rc1 Qe8 32. Ne3 Qg6 33. Nf5 Bf6 34. Qd1 Kh7 35. Qg4
Rg8 36. Kh2 Qh5 37. Qxh5+ Nxh5 38. Ne3 Nf4 39. Ng4 Be7 40. Be3 Rgb8 41. Rc2 Kg6
42. Kg1 Bd8 43. Kf2 Be7 44. Ke1 Rf8 45. Rf2 Rfb8 46. Rc3 Bd8 47. Bd2 b5 48. c5
b4 49. Rcf3 b3 50. a3 Rb5 51. Bb4 Be7 52. cxd6 Bxd6 53. Bc3 Re8 54. Kd1 Rc5 55.
Rd2 Rc4 56. Re3 Re7 57. Re1 Rxc3 58. bxc3 Bxa3 59. Ne3 Bd6 60. Kc1 a3 61. Kb1
Re8 62. Nf5 Rb8 63. Re3 b2 64. Rd1 Nxg2 65. Rf3 Nf4 66. c4 Kf6 67. Nxd6 cxd6 68.
Rxa3 g4 69. hxg4 h3 70. Ra2 Rc8 71. Ra6 Rxc4 72. Rxd6+ Kg5 73. Kxb2 Rxe4 74. Rd8
Kxg4 75. d6 h2 76. d7 Ne6 77. Re8 Rd4 78. Rh1 Rxd7 79. Rxe6 Rd2+ 80. Kc3 Rf2 81.
Kd3 Kh3 82. Rh6+ Kg3 83. Ke3 Rf3+ 84. Ke4 Rf2 85. Kxe5 Re2+ 86. Kd4 Ra2 87. Rg6+
Kf3 88. Rg8 Ra4+ 89. Kc3 Ra2 90. Rf1+ Ke2 91. Rgf8 Ra3+ 92. Kb2 Rh3 93. Rh1 Ke3
94. Kc2 Ke2 95. Rf7 Rh4 96. Kc3 Ke3 97. Rf8 Rh6 98. Kc4 Rh5 99. Rf7 Rh4+ 100.
Kd5 Rh5+ 101. Ke6 Rh4 102. Ke5 Rh5+ 103. Rf5 Rh8 104. Kf6 Ke4 1-0